Juegos e información : (Registro nro. 30916)
[ vista simple ]
| 000 -LEADER | |
|---|---|
| fixed length control field | 00857nam a22002297a 4500 |
| 003 - CONTROL NUMBER IDENTIFIER | |
| control field | OSt |
| 005 - DATE AND TIME OF LATEST TRANSACTION | |
| control field | 20250124105519.0 |
| 008 - FIXED-LENGTH DATA ELEMENTS--GENERAL INFORMATION | |
| fixed length control field | 250124b |||a|||| |||| 00| 0 spa d |
| 020 ## - INTERNATIONAL STANDARD BOOK NUMBER | |
| International Standard Book Number | 9681647394 |
| 037 ## - SOURCE OF ACQUISITION | |
| Source of stock number/acquisition | Donación |
| 040 ## - CATALOGING SOURCE | |
| Original cataloging agency | CO-JMCR |
| Transcribing agency | CO-JMCR |
| Language of cataloging | spa |
| Modifying agency | CO-JMCR |
| Description conventions | rda |
| 041 1# - LANGUAGE CODE | |
| Language code of text/sound track or separate title | spa |
| Language code of original | eng |
| 082 04 - DEWEY DECIMAL CLASSIFICATION NUMBER | |
| Classification number | 339.5 |
| Item number | R22j |
| Edition number | 23 |
| 100 1# - MAIN ENTRY--PERSONAL NAME | |
| Personal name | Rasmusen, Eric. |
| Relator term | autor |
| 9 (RLIN) | 43991 |
| 245 10 - TITLE STATEMENT | |
| Title | Juegos e información : |
| Remainder of title | una introducción a la teoría de juegos / |
| Statement of responsibility, etc. | Eric Rasmusen ; traducción de Roberto Reyes Mazzoni. |
| 260 ## - PUBLICATION, DISTRIBUTION, ETC. | |
| Place of publication, distribution, etc. | México : |
| Name of publisher, distributor, etc. | Fondo de Cultura Económica, |
| Date of publication, distribution, etc. | 1996. |
| 300 ## - PHYSICAL DESCRIPTION | |
| Extent | 548 páginas : |
| Other physical details | ilustraciones ; |
| Dimensions | 23 cm. |
| 504 ## - BIBLIOGRAPHY, ETC. NOTE | |
| Bibliography, etc. note | Incluye bibliografía e índice. |
| 534 ## - ORIGINAL VERSION NOTE | |
| Introductory phrase | Título original. |
| Title statement of original | Games and information. An Introduction to Game Theory. |
| 700 1# - ADDED ENTRY--PERSONAL NAME | |
| Personal name | Reyes Mazzoni, Roberto, |
| Dates associated with a name | 1940- |
| Relator term | traductor |
| 9 (RLIN) | 43992 |
| 942 ## - ADDED ENTRY ELEMENTS (KOHA) | |
| Source of classification or shelving scheme | Dewey Decimal Classification |
| Koha item type | Books |
| Withdrawn status | Lost status | Source of classification or shelving scheme | Damaged status | Not for loan | Collection code | Home library | Current library | Shelving location | Date acquired | Source of acquisition | Total Checkouts | Full call number | Barcode | Date last seen | Copy number | Price effective from | Koha item type |
|---|---|---|---|---|---|---|---|---|---|---|---|---|---|---|---|---|---|
| Dewey Decimal Classification | Non-fiction | Biblioteca Pública José María del Castillo y Rada | Biblioteca Pública José María del Castillo y Rada | Book Cart | 04/15/2024 | Donación | 339.5 R22j | 201812421 | 01/24/2025 | Ej.1 | 01/24/2025 | Books |